000 00312nam a2200133Ia 4500
008 190216s9999||||xx |||||||||||||| ||und||
100 _aA.Vinod
245 0 _aCost Accounting
250 _a1st Ed.
260 _bCalicut University Central Co-Operative
_c2006
300 _a576
650 _aCommerce
942 _cBK
999 _c8264
_d8264